[Event "Riedstra mem U1700"]
[Site "Kitchener CAN"]
[Date "2012.03.09"]
[Round "1"]
[White "Hu, Henry"]
[Black "Huang, Immanuel"]
[Result "1/2-1/2"]
[WhiteElo "1075"]
[BlackElo "1378"]
[PlyCount "75"]
[GameId "2160767909576017"]
[EventDate "2012.03.09"]
[EventType "swiss"]
[EventRounds "5"]
[EventCountry "CAN"]

1. e4 e5 2. Nf3 Nc6 3. Bc4 Bc5 4. Bb3 Nf6 5. d3 h6 6. Nc3 d6 7. O-O O-O 8. Be3 Bxe3 9. fxe3 Re8 10. Nd5 Na5 11. Nxf6+ Qxf6 12. Nd2 Qe7 13. Rxf7 Qxf7 14. Bxf7+ Kxf7 15. Qf3+ Kg8 16. d4 Rf8 17. Qe2 Nc6 18. c3 Bd7 19. Rf1 Kh7 20. h3 Rae8 21. d5 Ne7 22. c4 Ng6 23. Qh5 Rxf1+ 24. Kxf1 Rf8+ 25. Nf3 Ne7 26. Kg1 g6 27. Qh4 Re8 28. Nh2 g5 29. Qh5 Ng6 30. Ng4 Bxg4 31. Qxg4 Kg7 32. Qd7+ Re7 33. Qb5 b6 34. a4 a5 35. b4 axb4 36. Qxb4 Nf8 37. a5 bxa5 38. Qxa5 1/2-1/2

[Event "Riedstra mem U1700"]
[Site "Kitchener CAN"]
[Date "2012.03.09"]
[Round "1"]
[White "Van Aalst, Kees"]
[Black "Kaneshalingam, Mathanhe"]
[Result "0-1"]
[WhiteElo "1386"]
[BlackElo "1105"]
[PlyCount "94"]
[GameId "2160767909576018"]
[EventDate "2012.03.09"]
[EventType "swiss"]
[EventRounds "5"]
[EventCountry "CAN"]

1. d4 d5 2. Nf3 Nc6 3. Nc3 Nf6 4. Bf4 e6 5. Nb5 Bd6 6. Qd2 a6 7. Nxd6+ cxd6 8. e3 O-O 9. Bd3 Re8 10. O-O e5 11. Bg5 e4 12. Be2 exf3 13. Bxf3 Be6 14. c3 h6 15. Bh4 Rc8 16. e4 Nxe4 17. Bxd8 Nxd2 18. Rfd1 Nxf3+ 19. gxf3 Rcxd8 20. f4 Bg4 21. Re1 Rxe1+ 22. Rxe1 Kf8 23. Kg2 Re8 24. Re3 Rxe3 25. fxe3 f5 26. Kg3 Kf7 27. h3 Bh5 28. b4 b6 29. a3 Ne7 30. a4 Kf6 31. Kf2 Bd1 32. a5 b5 33. Kg3 g5 34. Kf2 Ng6 35. Kg3 g4 36. h4 h5 37. Kh2 Ne7 38. Kg2 Ng6 39. Kg3 Bf3 40. Kf2 Nxh4 41. Kg3 Ng2 42. Kf2 h4 43. Kg1 Nxe3 44. Kh2 Nc2 45. Kg1 g3 46. Kf1 h3 47. Kg1 h2+ 0-1

[Event "Riedstra mem U1700"]
[Site "Kitchener CAN"]
[Date "2012.03.09"]
[Round "1"]
[White "Wang, Dinny"]
[Black "Orozco, Joey"]
[Result "0-1"]
[WhiteElo "1343"]
[BlackElo "1676"]
[PlyCount "92"]
[GameId "2160767909576019"]
[EventDate "2012.03.09"]
[EventType "swiss"]
[EventRounds "5"]
[EventCountry "CAN"]

1. c4 Nf6 2. Nc3 d5 3. e3 g6 4. Nf3 Bg7 5. d4 O-O 6. Bd3 b6 7. O-O Bb7 8. cxd5 Nxd5 9. Nxd5 Bxd5 10. e4 Bb7 11. Be3 Nd7 12. Rc1 Rc8 13. Qc2 e6 14. Nd2 c5 15. Qa4 Bc6 16. Qc4 cxd4 17. Bxd4 Ne5 18. Bxe5 Bxe5 19. Nf3 Bxb2 20. Rc2 Bb7 21. Qb3 Bg7 22. Rfc1 Qe7 23. Rxc8 Rxc8 24. Rxc8+ Bxc8 25. h3 Qc7 26. Qa4 Bd7 27. Bb5 Qc1+ 28. Kh2 Qf4+ 29. Kg1 Bxb5 30. Qxb5 Qxe4 31. Qd7 Be5 32. Nxe5 Qxe5 33. Qxa7 Qe1+ 34. Kh2 Qxf2 35. a4 Qf4+ 36. Kg1 Qd4+ 37. Kh2 Qc5 38. Kg3 Kg7 39. Kf3 Qa5 40. Qxa5 bxa5 41. Ke4 Kf6 42. g4 h5 43. Kf4 hxg4 44. hxg4 e5+ 45. Ke4 Ke6 46. g5 f6 0-1

[Event "Riedstra mem U1700"]
[Site "Kitchener CAN"]
[Date "2012.03.10"]
[Round "2"]
[White "Kaneshalingam, Mathanhe"]
[Black "Lupan, Radu"]
[Result "0-1"]
[WhiteElo "1105"]
[BlackElo "1045"]
[PlyCount "146"]
[GameId "2160767909576020"]
[EventDate "2012.03.09"]
[EventType "swiss"]
[EventRounds "5"]
[EventCountry "CAN"]

1. d4 Nf6 2. c4 e6 3. Nc3 Bb4 4. e3 O-O 5. Nf3 c5 6. a3 Bxc3+ 7. bxc3 cxd4 8. cxd4 Nc6 9. Bd3 d5 10. O-O b6 11. Bb2 Ba6 12. Rc1 dxc4 13. Bxc4 Bxc4 14. Rxc4 Na5 15. Rc1 Rc8 16. Qd3 Qd5 17. Rfe1 Qb3 18. Qxb3 Nxb3 19. Rxc8 Rxc8 20. Ne5 Rc2 21. Nd3 b5 22. f3 Rd2 23. Nc5 Rxb2 24. Nxb3 Rxb3 25. Rc1 Kf8 26. Rc8+ Ke7 27. Ra8 Rxa3 28. e4 b4 29. Rb8 a5 30. Rb7+ Nd7 31. e5 b3 32. Kf2 Ra2+ 33. Kg3 a4 34. Kg4 a3 35. Rxb3 Rxg2+ 36. Kh3 Rd2 37. Rxa3 Rxd4 38. Re3 Rd5 39. f4 Rd4 40. Kg3 Nf8 41. h3 Ng6 42. h4 h5 43. Rf3 Kd7 44. Rf2 Rd3+ 45. Rf3 Rxf3+ 46. Kxf3 Nxh4+ 47. Kg3 Nf5+ 48. Kh3 h4 49. Kg4 f6 50. exf6 gxf6 51. Kh3 Kd6 52. Kg4 Kd5 53. Kh3 Ke4 54. Kg4 Ke3 55. Kh3 Kxf4 56. Kg2 Ke3 57. Kh3 e5 58. Kg2 e4 59. Kh2 Kf2 60. Kh3 e3 61. Kg4 e2 62. Kxf5 e1=Q 63. Kxf6 Qa5 64. Ke6 Ke3 65. Kd6 Kd4 66. Ke6 Qc5 67. Kd7 Qb6 68. Ke7 Kd5 69. Kf7 Ke5 70. Kg7 Kf5 71. Kg8 Kf6 72. Kh8 Qc7 73. Kg8 Qg7# 0-1

[Event "Riedstra mem U1700"]
[Site "Kitchener CAN"]
[Date "2012.03.10"]
[Round "2"]
[White "Tao, Rachel"]
[Black "Bendl, David"]
[Result "0-1"]
[WhiteElo "1210"]
[BlackElo "1557"]
[PlyCount "88"]
[GameId "2160767909576021"]
[EventDate "2012.03.09"]
[EventType "swiss"]
[EventRounds "5"]
[EventCountry "CAN"]

1. e4 c5 2. Nf3 Nc6 3. d4 cxd4 4. Nxd4 e5 5. Nf3 Nf6 6. Nc3 h6 7. Bd3 Bc5 8. h3 d6 9. Bc4 a6 10. a4 Nd4 11. Be3 Qb6 12. b3 Nxf3+ 13. Qxf3 Bxe3 14. fxe3 Qb4 15. Kd2 Be6 16. Bd3 Rc8 17. g4 Qxc3+ 18. Ke2 Bxb3 19. Rhc1 Bc4 20. Rab1 Bxd3+ 21. cxd3 Qxc1 22. Rxc1 Rxc1 23. d4 O-O 24. h4 Nh7 25. Qg3 Re8 26. g5 hxg5 27. hxg5 f6 28. g6 Ng5 29. Qg4 Rec8 30. Qd7 exd4 31. exd4 Nxe4 32. Kf3 b6 33. Qb7 Ng5+ 34. Kf2 b5 35. axb5 axb5 36. Qd5+ Ne6 37. Qxb5 Nf4 38. Qb3+ d5 39. Kf3 Nxg6 40. Qb7 R8c3+ 41. Kf2 Rc4 42. Kg2 Rxd4 43. Qb8+ Kh7 44. Kh2 Nh4 0-1

[Event "Riedstra mem U1700"]
[Site "Kitchener CAN"]
[Date "2012.03.10"]
[Round "2"]
[White "Wang, Frank2"]
[Black "Birarov, Nicole"]
[Result "1-0"]
[WhiteElo "1263"]
[BlackElo "1128"]
[PlyCount "107"]
[GameId "2160767909576022"]
[EventDate "2012.03.09"]
[EventType "swiss"]
[EventRounds "5"]
[EventCountry "CAN"]

1. e4 d5 2. exd5 Nf6 3. Nc3 Nxd5 4. Nf3 Nc6 5. Bc4 e6 6. O-O Nf6 7. d3 h6 8. Be3 e5 9. Re1 Bg4 10. Bb5 Bd7 11. Bxc6 Bxc6 12. Nxe5 Qd6 13. Nxc6 Qxc6 14. Bxa7+ Be7 15. Qe2 Qe6 16. Nb5 Qxe2 17. Rxe2 Kd7 18. Bd4 Ra4 19. b3 Rb4 20. a4 c6 21. c3 Rxb3 22. Bxf6 Bxf6 23. Nd4 Bxd4 24. cxd4 Rxd3 25. Rb2 Rxd4 26. Rxb7+ Ke6 27. Rc1 c5 28. h3 Rxa4 29. Rxc5 Ra1+ 30. Kh2 h5 31. Rcc7 Rf8 32. f4 Rf1 33. Rc5 g6 34. Rb4 f5 35. Re5+ Kf7 36. h4 Rf2 37. Rb7+ Kf6 38. Rb6+ Kg7 39. Rbe6 Ra8 40. Kg3 Rf1 41. Rd5 Ra4 42. Rdd6 Ra3+ 43. Kh2 Rxf4 44. Rxg6+ Kf7 45. Rh6 Rxh4+ 46. Kg1 Ra1+ 47. Kf2 f4 48. Rh7+ Kg8 49. Rc7 Ra2+ 50. Kf3 Ra3+ 51. Ke4 f3+ 52. Kf5 Ra5+ 53. Kg6 Ra8 54. Rcd7 1-0

[Event "Riedstra mem U1700"]
[Site "Kitchener CAN"]
[Date "2012.03.10"]
[Round "3"]
[White "Birarov, Nicole"]
[Black "Bao, Tony Bohan"]
[Result "1-0"]
[WhiteElo "1128"]
[BlackElo "1560"]
[PlyCount "59"]
[GameId "2160767909576023"]
[EventDate "2012.03.09"]
[EventType "swiss"]
[EventRounds "5"]
[EventCountry "CAN"]

1. d4 Nf6 2. Nf3 d5 3. e3 c5 4. c3 e6 5. Bd3 Nc6 6. Nbd2 Qb6 7. O-O Bd6 8. b3 O-O 9. Bb2 Qc7 10. e4 dxe4 11. Nxe4 Nxe4 12. Bxe4 Bd7 13. Bc2 h6 14. Qd3 f5 15. Rad1 cxd4 16. Nxd4 Bxh2+ 17. Kh1 Ne5 18. Qh3 Bf4 19. Qh4 Ng6 20. Qh5 Ne7 21. Rfe1 e5 22. Ne2 Be8 23. Qh4 Bg5 24. Qh2 Qa5 25. a4 Bf6 26. Ba3 e4 27. c4 Be5 28. b4 Qc7 29. Qh3 Qxc4 30. Bb3 1-0

[Event "Riedstra mem U1700"]
[Site "Kitchener CAN"]
[Date "2012.03.11"]
[Round "4"]
[White "Maaser, Andy"]
[Black "Birarov, Nicole"]
[Result "1-0"]
[WhiteElo "1450"]
[BlackElo "1128"]
[PlyCount "76"]
[GameId "2160767909576024"]
[EventDate "2012.03.09"]
[EventType "swiss"]
[EventRounds "5"]
[EventCountry "CAN"]

1. d4 f5 2. c4 Nf6 3. g3 e6 4. Bg2 d5 5. cxd5 exd5 6. Nc3 Be6 7. Nf3 Be7 8. O-O O-O 9. Ng5 Bf7 10. Nxf7 Rxf7 11. Qb3 Nc6 12. Qd1 Ne4 13. f3 Nxc3 14. bxc3 Bg5 15. e4 Bxc1 16. Rxc1 f4 17. gxf4 Rxf4 18. e5 Qg5 19. Qb3 Rb8 20. Qxd5+ Kh8 21. Rb1 h6 22. Qd7 Qd8 23. Qxd8+ Nxd8 24. Rfe1 Nf7 25. e6 Nd6 26. e7 Re8 27. Kf2 Rf7 28. Bf1 Rexe7 29. Rxe7 Rxe7 30. c4 b6 31. c5 bxc5 32. dxc5 Nf7 33. Rb7 Ng5 34. Rxa7 Rf7 35. Ra4 Rxf3+ 36. Kg2 Rf5 37. Ra8+ Kh7 38. Bd3 Kg6 1-0

[Event "Riedstra mem U1700"]
[Site "Kitchener CAN"]
[Date "2012.03.11"]
[Round "4"]
[White "Shamroni, Dennis"]
[Black "Kaneshalingam, Mathanhe"]
[Result "1-0"]
[WhiteElo "1323"]
[BlackElo "1105"]
[PlyCount "133"]
[GameId "2160767909576025"]
[EventDate "2012.03.09"]
[EventType "swiss"]
[EventRounds "5"]
[EventCountry "CAN"]

1. d4 d5 2. c4 c6 3. Nf3 Nf6 4. Nc3 Bg4 5. Bf4 e6 6. h3 Bxf3 7. exf3 Bb4 8. Qc2 Nbd7 9. a3 Ba5 10. b4 Bc7 11. Bxc7 Qxc7 12. cxd5 cxd5 13. Bd3 Rc8 14. Rc1 Qf4 15. O-O Qxd4 16. Rfd1 Qh4 17. Qe2 O-O 18. Kh2 Qf4+ 19. g3 Qh6 20. f4 Rfe8 21. Bb5 a6 22. Ba4 b5 23. Bb3 Nb6 24. a4 Nxa4 25. Nxa4 bxa4 26. Bxa4 Rxc1 27. Rxc1 Rb8 28. Qxa6 g6 29. Rc8+ Rxc8 30. Qxc8+ Kg7 31. b5 Ne4 32. f3 Nd6 33. Qc3+ Kg8 34. Qb4 Nc4 35. Bb3 Nb6 36. Qd6 Nc4 37. Bxc4 dxc4 38. Qd8+ Kg7 39. b6 Qh5 40. Qd4+ Kg8 41. Qxc4 Qxf3 42. Qa2 Qb7 43. Qa7 Qf3 44. Qb8+ Kg7 45. Qe5+ Kg8 46. Qb2 Qb7 47. Kg1 h5 48. Kf2 Kf8 49. Ke3 Ke8 50. Qb5+ Ke7 51. Qc5+ Kf6 52. Qc7 Qa6 53. Kd4 Qa4+ 54. Kc5 Qc2+ 55. Kb5 Qb2+ 56. Ka6 Qa2+ 57. Kb7 Qd5+ 58. Kb8 Qd3 59. b7 Qa6 60. Kc8 Kg7 61. Kd8 Qd3+ 62. Qd7 Qb3 63. Ke8 Kh6 64. Qxf7 Qb5+ 65. Kf8 Qc5+ 66. Kg8 Qd6 67. Qh7# 1-0

[Event "Riedstra mem U1700"]
[Site "Kitchener CAN"]
[Date "2012.03.11"]
[Round "4"]
[White "Wang, Frank2"]
[Black "Lukezich, John"]
[Result "1-0"]
[WhiteElo "1263"]
[BlackElo "1507"]
[PlyCount "42"]
[GameId "2160767909576026"]
[EventDate "2012.03.09"]
[EventType "swiss"]
[EventRounds "5"]
[EventCountry "CAN"]

1. e4 Nf6 2. Nc3 Nc6 3. d4 d5 4. e5 Ng8 5. Nf3 e6 6. Bb5 Bd7 7. Bxc6 Bxc6 8. O-O Be7 9. Re1 Bd7 10. Be3 f5 11. a3 g5 12. Nxg5 h5 13. f4 Bf8 14. Qf3 Qe7 15. b4 O-O-O 16. b5 Be8 17. a4 h4 18. h3 Bh5 19. Qf2 Be8 20. a5 Rd7 21. b6 axb6 1-0

[Event "Riedstra mem U1700"]
[Site "Kitchener CAN"]
[Date "2012.03.11"]
[Round "4"]
[White "Zhong, Joey"]
[Black "Bendl, David"]
[Result "0-1"]
[WhiteElo "1480"]
[BlackElo "1557"]
[PlyCount "64"]
[GameId "2160767909576027"]
[EventDate "2012.03.09"]
[EventType "swiss"]
[EventRounds "5"]
[EventCountry "CAN"]

1. d4 d5 2. c4 c6 3. Nf3 Nf6 4. cxd5 cxd5 5. Nc3 Nc6 6. Bf4 Bf5 7. e3 Qb6 8. Qd2 e6 9. Be2 Bb4 10. a3 Ne4 11. Qc1 Bxc3+ 12. bxc3 O-O 13. O-O Rfc8 14. c4 dxc4 15. Qxc4 Ne7 16. Qb4 Qxb4 17. axb4 Nd5 18. Bg3 Nxb4 19. Rab1 Nxg3 20. hxg3 Bxb1 21. Rxb1 a5 22. Ne5 Rc7 23. Bf3 f6 24. Ng4 Kf7 25. Nh2 Nd5 26. Nf1 a4 27. Nd2 a3 28. Ra1 Rc2 29. Ne4 Ke7 30. Nc5 a2 31. Bd1 Rb2 32. Na4 Rxa4 0-1

[Event "Riedstra mem U1700"]
[Site "Kitchener CAN"]
[Date "2012.03.11"]
[Round "5"]
[White "Bendl, David"]
[Black "Orozco, Joey"]
[Result "1/2-1/2"]
[WhiteElo "1557"]
[BlackElo "1676"]
[PlyCount "101"]
[GameId "2160767909576028"]
[EventDate "2012.03.09"]
[EventType "swiss"]
[EventRounds "5"]
[EventCountry "CAN"]

1. d4 Nf6 2. c4 g6 3. Bf4 Bg7 4. Nc3 d5 5. e3 c6 6. Bd3 O-O 7. Nf3 a6 8. a4 b6 9. Qc2 Nbd7 10. Ne5 Nxe5 11. Bxe5 Ne8 12. Bf4 Bb7 13. O-O Rc8 14. b4 c5 15. dxc5 bxc5 16. b5 Qa5 17. Rac1 dxc4 18. Bxc4 Nd6 19. Be2 c4 20. Bxd6 exd6 21. Rfd1 Bxc3 22. Qxc3 Qxc3 23. Rxc3 axb5 24. axb5 d5 25. e4 Rfd8 26. h3 dxe4 27. Rxd8+ Rxd8 28. Rxc4 Rd2 29. Rc7 Bd5 30. Rd7 Rxe2 31. Rxd5 Rb2 32. Re5 f5 33. g4 fxg4 34. hxg4 Kf7 35. Rxe4 Rxb5 36. Kg2 Kf6 37. Kg3 Rb3+ 38. f3 Rb7 39. Ra4 Rg7 40. Kf4 g5+ 41. Ke3 Rf7 42. Kf2 Re7 43. Ra6+ Re6 44. Rxe6+ Kxe6 45. Ke3 Ke5 46. Kd3 Kf4 47. Ke2 Kg3 48. Ke3 h6 49. Ke4 Kf2 50. f4 gxf4 51. Kxf4 1/2-1/2

[Event "Riedstra mem U1700"]
[Site "Kitchener CAN"]
[Date "2012.03.11"]
[Round "5"]
[White "Van Aalst, Kees"]
[Black "Wang, Frank2"]
[Result "0-1"]
[WhiteElo "1386"]
[BlackElo "1263"]
[PlyCount "72"]
[GameId "2160767909576029"]
[EventDate "2012.03.09"]
[EventType "swiss"]
[EventRounds "5"]
[EventCountry "CAN"]

1. d4 Nf6 2. Nf3 e6 3. Nc3 d5 4. Bf4 c5 5. e3 Nc6 6. Be2 cxd4 7. exd4 Bb4 8. O-O O-O 9. Na4 b6 10. c3 Bd6 11. Ne5 Qc7 12. Bg3 Nxe5 13. dxe5 Bxe5 14. Bd3 Bxg3 15. fxg3 Bb7 16. Rxf6 Qc6 17. Bxh7+ Kxh7 18. Qh5+ Kg8 19. Raf1 d4 20. R6f2 Qxa4 21. b3 Qa5 22. Qxa5 bxa5 23. cxd4 Rad8 24. Rf4 Ba6 25. R1f2 e5 26. dxe5 Rd1+ 27. Rf1 Bxf1 28. h4 Bc4+ 29. Kh2 Bd5 30. Ra4 Rd2 31. Rxa5 Bf3 32. Rxa7 Rxg2+ 33. Kh3 Rg1 34. g4 Rxg4 35. Ra4 Rxa4 36. bxa4 Ra8 0-1

[Event "Riedstra mem U1700"]
[Site "Kitchener CAN"]
[Date "2012.03.11"]
[Round "5"]
[White "Zverev, Anton"]
[Black "Birarov, Nicole"]
[Result "1/2-1/2"]
[WhiteElo "1335"]
[BlackElo "1128"]
[PlyCount "64"]
[GameId "2160767909576030"]
[EventDate "2012.03.09"]
[EventType "swiss"]
[EventRounds "5"]
[EventCountry "CAN"]

1. d4 f5 2. Nc3 Nf6 3. Bg5 e6 4. e4 Be7 5. Bd3 fxe4 6. Nxe4 Nxe4 7. Bxe7 Qxe7 8. Bxe4 Qb4+ 9. c3 Qxb2 10. Qc1 Qxc1+ 11. Rxc1 d5 12. Bd3 O-O 13. Nf3 b6 14. O-O Ba6 15. Bxa6 Nxa6 16. Rfe1 Rae8 17. Re2 h6 18. Rce1 Rf6 19. Ne5 h5 20. Nc6 b5 21. Nxa7 b4 22. cxb4 Nxb4 23. Nb5 c6 24. Nc7 Re7 25. Nxe6 Nd3 26. Ng5 Rxe2 27. Rxe2 Rf8 28. Nf3 Rb8 29. g3 Nc1 30. Rc2 Rb1 31. Kg2 Ra1 32. Rxc6 Nxa2 1/2-1/2

[Event "Riedstra mem U2000"]
[Site "Kitchener CAN"]
[Date "2012.03.09"]
[Round "1"]
[White "Baljeu, Alan"]
[Black "Piccinin, Mario"]
[Result "1-0"]
[WhiteElo "1945"]
[BlackElo "1700"]
[PlyCount "99"]
[GameId "2160767909576031"]
[EventDate "2012.03.09"]
[EventType "swiss"]
[EventRounds "5"]
[EventCountry "CAN"]
[SourceTitle "EXT 2022"]
[Source "ChessBase"]
[SourceDate "2021.10.06"]
[SourceVersion "1"]
[SourceVersionDate "2021.10.06"]
[SourceQuality "1"]

1. c4 f5 2. Nf3 Nf6 3. Nc3 g6 4. g3 Bg7 5. Bg2 d6 6. d4 O-O 7. O-O Nc6 8. d5 Ne5 9. Nxe5 dxe5 10. Qb3 c6 11. dxc6 Be6 12. Rd1 Qb6 13. Qxb6 axb6 14. cxb7 Rab8 15. b3 e4 16. f3 Rxb7 17. Rb1 Rd7 18. Be3 f4 19. Bxf4 Nh5 20. Rxd7 Bxd7 21. Bd2 e3 22. Be1 Bd4 23. Rd1 e5 24. Nd5 Be6 25. Ne7+ Kf7 26. Nc6 Bb2 27. Nd8+ Kf6 28. Rd6 Ng7 29. Nxe6 Nxe6 30. Bh3 Re8 31. Rxb6 Ba3 32. Bc3 Kf7 33. Bxe6+ Rxe6 34. Rb7+ Kf6 35. f4 Bd6 36. Rxh7 Kf5 37. fxe5 Bxe5 38. Rf7+ Ke4 39. Bxe5 Kxe5 40. Ra7 Rf6 41. c5 Rf2 42. c6 Rxe2 43. Re7+ Kd4 44. c7 Rc2 45. Kf1 Kd3 46. Rd7+ Ke4 47. b4 Kf3 48. Rf7+ Kg4 49. b5 Kh3 50. b6 1-0

[Event "Riedstra mem U2000"]
[Site "Kitchener CAN"]
[Date "2012.03.09"]
[Round "1"]
[White "Chuchin, Sasha"]
[Black "Finlay, Ian"]
[Result "1/2-1/2"]
[WhiteElo "1668"]
[BlackElo "1882"]
[PlyCount "51"]
[GameId "2160767909576032"]
[EventDate "2012.03.09"]
[EventType "swiss"]
[EventRounds "5"]
[EventCountry "CAN"]
[SourceTitle "EXT 2022"]
[Source "ChessBase"]
[SourceDate "2021.10.06"]
[SourceVersion "1"]
[SourceVersionDate "2021.10.06"]
[SourceQuality "1"]

1. e4 c5 2. Nf3 b6 3. Bc4 Bb7 4. d3 Nc6 5. Nc3 e6 6. Be3 Nge7 7. Bb3 Na5 8. Nd2 Nxb3 9. axb3 d5 10. Bg5 f6 11. Bh4 Qd7 12. O-O Ng6 13. Qh5 Qf7 14. Nb5 a6 15. exd5 axb5 16. dxe6 Qc7 17. Rxa8+ Bxa8 18. f4 Qc6 19. Ne4 Ke7 20. Bg3 Qd5 21. f5 Kd8 22. c4 Qd4+ 23. Bf2 Nf4 24. Qg4 Qe5 25. Bg3 Qd4+ 26. Bf2 1/2-1/2

[Event "Riedstra mem U2000"]
[Site "Kitchener CAN"]
[Date "2012.03.09"]
[Round "1"]
[White "Echavarria-Hidalgo, Fernando"]
[Black "Forsyth, Barry"]
[Result "1-0"]
[WhiteElo "1680"]
[BlackElo "1679"]
[PlyCount "79"]
[GameId "2160767909576033"]
[EventDate "2012.03.09"]
[EventType "swiss"]
[EventRounds "5"]
[EventCountry "CAN"]
[SourceTitle "EXT 2022"]
[Source "ChessBase"]
[SourceDate "2021.10.06"]
[SourceVersion "1"]
[SourceVersionDate "2021.10.06"]
[SourceQuality "1"]

1. c4 c5 2. Nc3 Nf6 3. Nf3 d5 4. cxd5 Nxd5 5. e4 Nxc3 6. bxc3 g6 7. Bc4 Bg7 8. Qb3 O-O 9. O-O Nc6 10. Bd5 Na5 11. Qb5 e6 12. Bb3 b6 13. Re1 Bb7 14. Bc2 e5 15. Qe2 Nc6 16. d3 h6 17. Be3 Qe7 18. Qd2 Kh7 19. Bb3 Rad8 20. Bd5 Rd7 21. Rab1 Rfd8 22. c4 Nb4 23. a3 Nxd5 24. exd5 Qd6 25. h3 Qc7 26. Nh2 Rd6 27. f4 Qd7 28. fxe5 Bxe5 29. Bxh6 Bxh2+ 30. Kxh2 Re8 31. Rxe8 Qxe8 32. Re1 Qc8 33. Qf4 Qc7 34. Kh1 Qd7 35. Qh4 Kg8 36. Bf4 Qd8 37. Qh6 Bc8 38. Be5 f6 39. Qxg6+ Kf8 40. Bxd6+ 1-0

[Event "Riedstra mem U2000"]
[Site "Kitchener CAN"]
[Date "2012.03.09"]
[Round "1"]
[White "Gashgarian, Robert"]
[Black "Li, Hongyi (Tony)"]
[Result "1-0"]
[WhiteElo "1961"]
[BlackElo "1702"]
[PlyCount "37"]
[GameId "2160767909576034"]
[EventDate "2012.03.09"]
[EventType "swiss"]
[EventRounds "5"]
[EventCountry "CAN"]

1. Nf3 e6 2. c4 Nf6 3. d4 d5 4. Nc3 c6 5. e3 Nbd7 6. Bd3 dxc4 7. Bxc4 Nb6 8. Bd3 Bd6 9. e4 Be7 10. O-O h6 11. Qe2 Qc7 12. Be3 Ng4 13. Bd2 Bd7 14. Rac1 Bg5 15. e5 Qd8 16. Nxg5 Nxh2 17. Qh5 O-O 18. Qxh2 hxg5 19. Qh7# 1-0

[Event "Riedstra mem U2000"]
[Site "Kitchener CAN"]
[Date "2012.03.09"]
[Round "1"]
[White "Itkin, Victor"]
[Black "Supsup, Ferdinand"]
[Result "1-0"]
[WhiteElo "1705"]
[BlackElo "1889"]
[PlyCount "49"]
[GameId "2160767909576035"]
[EventDate "2012.03.09"]
[EventType "swiss"]
[EventRounds "5"]
[EventCountry "CAN"]
[SourceTitle "EXT 2022"]
[Source "ChessBase"]
[SourceDate "2021.10.06"]
[SourceVersion "1"]
[SourceVersionDate "2021.10.06"]
[SourceQuality "1"]

1. e4 Nc6 2. Nf3 d6 3. Bb5 Nf6 4. Nc3 Bg4 5. O-O e6 6. d4 a6 7. Be2 Be7 8. Re1 O-O 9. b3 b5 10. d5 Nb8 11. dxe6 fxe6 12. e5 Nfd7 13. Nd4 dxe5 14. Bxg4 exd4 15. Bxe6+ Kh8 16. Nd5 Bc5 17. Nf4 Nc6 18. Qh5 Nde5 19. Bf5 Rxf5 20. Qxf5 Qd6 21. Ne6 Bb4 22. Re4 Ng6 23. Bh6 Bc3 24. Qf7 d3 25. Qxg7+ 1-0

[Event "Riedstra mem U2000"]
[Site "Kitchener CAN"]
[Date "2012.03.09"]
[Round "1"]
[White "Ortiz, Hugo"]
[Black "Deline, Ralph"]
[Result "0-1"]
[WhiteElo "1608"]
[BlackElo "1756"]
[PlyCount "72"]
[GameId "2160767909576036"]
[EventDate "2012.03.09"]
[EventType "swiss"]
[EventRounds "5"]
[EventCountry "CAN"]
[SourceTitle "EXT 2022"]
[Source "ChessBase"]
[SourceDate "2021.10.06"]
[SourceVersion "1"]
[SourceVersionDate "2021.10.06"]
[SourceQuality "1"]

1. d4 Nf6 2. Nf3 d5 3. c4 e6 4. Bg5 Be7 5. e3 O-O 6. Nc3 c6 7. Bd3 dxc4 8. Bxc4 b5 9. Bd3 Bb7 10. O-O a6 11. Rc1 Nbd7 12. Qe2 c5 13. dxc5 Nxc5 14. Bb1 Rc8 15. a3 Re8 16. Bc2 Qb6 17. Rfd1 Ba8 18. b4 Ncd7 19. Bb1 Qb7 20. Qf1 e5 21. h3 Bf8 22. Nd2 h6 23. Bh4 g5 24. Bg3 Bg7 25. Nde4 Bf8 26. Nd6 Bxd6 27. Rxd6 Kg7 28. f3 Nb6 29. Bf2 Nc4 30. Rxf6 Kxf6 31. Qd3 Rh8 32. Ne4+ Kg7 33. Nc5 Qc6 34. Rc3 Rcd8 35. Qf5 Qf6 36. Qe4 Bxe4 0-1

[Event "Riedstra mem U2000"]
[Site "Kitchener CAN"]
[Date "2012.03.09"]
[Round "1"]
[White "Philips, Shawn"]
[Black "Knechtel, Tim"]
[Result "1-0"]
[WhiteElo "1872"]
[BlackElo "1675"]
[PlyCount "91"]
[GameId "2160767909576037"]
[EventDate "2012.03.09"]
[EventType "swiss"]
[EventRounds "5"]
[EventCountry "CAN"]
[SourceTitle "EXT 2022"]
[Source "ChessBase"]
[SourceDate "2021.10.06"]
[SourceVersion "1"]
[SourceVersionDate "2021.10.06"]
[SourceQuality "1"]

1. e4 d6 2. d4 Nf6 3. Nc3 Nbd7 4. f4 e5 5. Nf3 exd4 6. Nxd4 c6 7. Bc4 Qc7 8. Bb3 g6 9. O-O Bg7 10. Nf3 O-O 11. f5 Ng4 12. Qe1 Nde5 13. h3 Nxf3+ 14. Rxf3 Bd4+ 15. Kh1 Ne5 16. Rf1 Nd7 17. Ne2 Bg7 18. fxg6 hxg6 19. Qg3 Ne5 20. Nf4 Kh7 21. Qh4+ Kg8 22. Qg3 Kh7 23. Bd2 Qe7 24. Bc3 Be6 25. Bxe6 fxe6 26. Bxe5 Bxe5 27. Qxg6+ Kh8 28. Qh6+ Kg8 29. Qxe6+ Qf7 30. Qxf7+ Rxf7 31. Nd3 Re7 32. Nxe5 Rxe5 33. Rad1 Rd8 34. Rfe1 Kf7 35. g4 Ke6 36. Kg2 Rf8 37. Rd3 Rf4 38. Rde3 Rc5 39. R3e2 Ke5 40. Kg3 Rc4 41. h4 d5 42. exd5+ Kxd5 43. Re5+ Kd6 44. Rg5 Rfd4 45. Re2 Rd1 46. c3 1-0

[Event "Riedstra mem U2000"]
[Site "Kitchener CAN"]
[Date "2012.03.09"]
[Round "1"]
[White "Serdula, Jay"]
[Black "Forsyth, Garrett"]
[Result "0-1"]
[WhiteElo "1844"]
[BlackElo "1655"]
[PlyCount "54"]
[GameId "2160767909576038"]
[EventDate "2012.03.09"]
[EventType "swiss"]
[EventRounds "5"]
[EventCountry "CAN"]
[SourceTitle "EXT 2022"]
[Source "ChessBase"]
[SourceDate "2021.10.06"]
[SourceVersion "1"]
[SourceVersionDate "2021.10.06"]
[SourceQuality "1"]

1. e4 c5 2. Nf3 d6 3. d4 cxd4 4. Nxd4 Nf6 5. Nc3 g6 6. Be3 Nc6 7. f3 Bg7 8. Qd2 O-O 9. O-O-O d5 10. Nxd5 Nxd5 11. Nxc6 bxc6 12. exd5 cxd5 13. Qxd5 Qc7 14. Bd4 Be6 15. Qc5 Qf4+ 16. Be3 Qa4 17. Qa3 Qxa3 18. bxa3 Bxa2 19. Rd7 Rab8 20. g3 Bc3 21. Kd1 Be6 22. Rxa7 Rfd8+ 23. Ke2 Rb2 24. Bc5 Rxc2+ 25. Ke3 Bd2+ 26. Ke4 Bf5+ 27. Ke5 f6# 0-1